LEADER 01053nam a2200277 i 4500 001 000000156455 003 CaOOAMICUS 005 20220513153504.0 008 061221s1965 it u000 u ita u 013 $a133810 040 $aSeMil$bita 100 1 $aMelville, Herman,$d<1819-1891>.$0(OLS)http://semarc/name/1208 245 10$aMardi :$be un viaggio laggiù /$cHerman Melville. 264 1$aFirenze :$bVallecchi,$c1965. 300 $aXV, 565 p. ;$c22 cm. 490 1 $aGli stranieri ;$v5 541 0 $aFondo Ciprandi (1U IV 19) 650 4$aMelville, Herman <1819-1891> - Opere.$0(OLS)http://semarc/subject/30332 830 4$aGli stranieri ;$v5.$0(OLS)http://semarc/title/11634 850 $aSeMil 852 $aSeMil$W1$xVenegono$y1$m1U IV 19$j108227$B108227$CSeMilBibl$Z2$F118336 $81 941 1 $a1 961 $aOmaggio: Ciprandi dott. Paolo 996 $6245$aMardi :$be un viaggio laggiù$9(OLS)http://semarc/title/229330 996 $6264$aFirenze :$bVallecchi$9(OLS)http://semarc/publisher/29768 LEADER 01381nam a2200277 i 4500 001 000000250761 003 CaOOAMICUS 005 20160819000000.0 008 160819s2016 it u000 u spa u 013 $a229666 020 $a978-88-7839-340-0 040 $aSeMil$bita 100 1 $aGrech, Maximillian <1985- >.$0(OLS)http://semarc/name/83253 245 10$aA la aurora te busco (Sal. 63,2) :$bestudio exegético-teólogico de Salmo 63 /$cMaximillian Grech. 260 $aRoma :$bPontificia Università Gregoriana,$c2016. 300 $a351 p. ;$c24 cm. 490 0 $aTesi Gregoriana. Serie Teologia ;$v222 650 4$aBibbia. Antico Testamento. Salmi - Commentari, studi, critica, interpretazioni.$0(OLS)http://semarc/subject/289 650 4$aBibbia. Antico Testamento. Salmi, 63.$0(OLS)http://semarc/subject/42977 830 0$aTesi Gregoriana. Serie Teologia ;$v222.$0(OLS)http://semarc/title/351 850 $aSeMil 852 $aSeMil$W1$xVenegono$y1$m2M VI 322$j201107$B201107$CSeMilBibl$Z2$F212863 $81 961 $aSottoscrizione: Pontificia Università Gregoriana 996 $6020$a978-88-7839-340-0$9(OLS)http://semarc/number/261384 996 $6245$aA la aurora te busco (Sal. 63,2) :$bestudio exegético-teólogico de Salmo 63$9(OLS)http://semarc/title/352945 996 $6260$aRoma :$bPontificia Università Gregoriana$9(OLS)http://semarc/publisher/29750